Industrial programmes in Uttar Pradesh during fourth plan (Record no. 497531)

000 -LEADER
fixed length control field 00394cam a22001097a 4500
008 - FIXED-LENGTH DATA ELEMENTS--GENERAL INFORMATION
fixed length control field 180718b1965 xxu||||| |||| 00| 0 eng d
082 ## - DEWEY DECIMAL CLASSIFICATION NUMBER
Classification number T2x5421 Ut8i
245 ## - TITLE STATEMENT
Title Industrial programmes in Uttar Pradesh during fourth plan
Statement of responsibility, etc. by Directorate of Industries, Uttar Pradesh
260 ## - PUBLICATION, DISTRIBUTION, ETC.
Place of publication, distribution, etc. Kanpur
Name of publisher, distributor, etc. Government of Uttar Pradesh
Date of publication, distribution, etc. 1965
300 ## - PHYSICAL DESCRIPTION
Extent 285+p
700 ## - ADDED ENTRY--PERSONAL NAME
Personal name Uttar Pradesh. Directorate of Industries
Holdings
Withdrawn status Lost status Damaged status Not for loan Permanent Location Current Location Date acquired Full call number Barcode Date last seen Price effective from Koha item type
        Indian Institute of Public Administration Indian Institute of Public Administration 2018-08-04 T2x5421 Ut8i GG10492 2018-08-04 2018-08-04 GG

Powered by Koha